The hieroglyphics of Horapollo /

محفوظ في:

المؤلف الرئيسي: Horapollo (مؤلف)

مؤلفون آخرون: Boas, George, 1891-1980., Grafton, Anthony.

التنسيق: كتاب

اللغة: English
Ancient Greek

منشور في: Princeton, N.J : Princeton University Press, 1993.

سلاسل: Bollingen series ; 23.

الموضوعات:

الوسوم: إضافة وسم

لا توجد وسوم, كن أول من يضع وسما على هذه التسجيلة!

رقم الطلب: BL603 .H67130 1993

LEADER 01128namaa2200313 4500
003 OSt
005 20250901115206.0
008 130303s1993 njua b 001 0 eng d
020 |a 0691000921 
040 |c ARCE Library 
041 1 |a eng  |h grc 
050 4 |a BL603 .H67130 1993 
100 0 |a Horapollo,  |e author  |9 32255 
240 1 0 |a Hieroglyphica.  |l English 
245 1 4 |a The hieroglyphics of Horapollo /  |c translated by George Boas ; with a new foreword by Anthony Grafton. 
264 1 |a Princeton, N.J :  |b Princeton University Press,  |c 1993. 
300 |a xxiv, 120 pages :  |b illustrations ;  |c 23 cm. 
490 1 |a Bollingen series ;  |v 23. 
500 |a Originally published : New York : Pantheon Books, 1950. (Bollingen series ; 23) 
504 |a Includes bibliographical references (pages 33-40) and indexes. 
650 0 |a Emblems  |v Early works to 1800  |9 1069 
650 0 |a symbolism  |v Early works to 1800 
650 0 |a Hieroglyphics   |v Early works to 1800. 
700 1 |a Boas, George,  |d 1891-1980. 
700 1 |a Grafton, Anthony. 
830 0 |a Bollingen series ;  |v 23. 
901 |a reviewed 
942 |c BK  |2 lcc 
999 |c 1461  |d 1461